Haïti ou Tahiti? - Statistiques

Statistiques générales
  • Ce quiz a été pris 152 fois
  • Le résultat moyen est 10 sur 15
Statistiques - réponses
Question Réponse % Correct
Est le plus touristique Tahiti
96%
Possède une frontière terrestre avec un autre pays Haïti
89%
Est le plus éloigné de la France métropolitaine Tahiti
86%
A pour spécialité culinaire le Griot Haïti
83%
Est un exportateur majeur de vanille Tahiti
78%
Possède un arbre sur son drapeau Haïti
72%
Fut exploité pour ses réserves d'or Haïti
72%
Est le plus peuplé Haïti
69%
Possède une zone au climat humide Les deux
61%
Fête le nouvel an en premier Haïti
56%
Souffre de la hausse du niveau des mers Les deux
55%
Possède des volcans (actifs ou dormants) Les deux
50%
Possède le français comme langue officielle Les deux
47%
Possède une population majoritairement chrétienne Les deux
47%
Possède le plus petit PIB (région rattachée) Tahiti
22%
Aucun quiz correspondant
Distribution des résultats
% des personnes avec chaque résultat
Percentile par nombre de réponses
Votre historique - résultats
Vous n’avez pas pris ce quiz